LEADER 03515 am 2200997 n 450 001 9910341158303321 005 20190811 010 $a2-918887-97-8 024 7 $a10.4000/books.pcjb.4158 035 $a(CKB)4100000009365830 035 $a(FrMaCLE)OB-pcjb-4158 035 $a(oapen)https://directory.doabooks.org/handle/20.500.12854/41365 035 $a(PPN)238688348 035 $a(EXLCZ)994100000009365830 100 $a20190920j|||||||| ||| 0 101 0 $afre 135 $auu||||||m|||| 181 $ctxt$2rdacontent 182 $cc$2rdamedia 183 $acr$2rdacarrier 200 10$aArtisanats antiques d?Italie et de Gaule $eMélanges offerts à Maria Francesca Buonaiuto /$fJean-Pierre Brun 210 $aNaples $cPublications du Centre Jean Bérard$d2019 215 $a1 online resource (299 p.) 606 $aDecorative arts$zItaly$xHistory$yTo 1500 606 $aDecorative arts$zGaul 606 $aHandicraft$zItaly$xHistory$yTo 1500 606 $aHandicraft$zGaul 610 $aéconomie 610 $aAntiquité 610 $aproduction artisanale 610 $acommerce 610 $aarchéologie 615 0$aDecorative arts$xHistory 615 0$aDecorative arts 615 0$aHandicraft$xHistory 615 0$aHandicraft 700 $aAmarger$b Marie-Pierre$01293534 701 $aBats$b Michel$0241285 701 $aBertaux$b Richard$01293535 701 $aBotte$b Emmanuel$0328750 701 $aBrangi$b Tonia$01293536 701 $aBrun$b Jean-Pierre$0328739 701 $aCanzanella$b Maria Giovanna$01293537 701 $aCaputo$b Paolo$024140 701 $aCavalier$b Madeleine$0162653 701 $aCavassa$b Laëtitia$01293514 701 $aCébeillac-Gervasoni$b Mireille$0408173 701 $aChazalon$b Ludi$01288460 701 $aCuma$b Funzionario responsabile dell'Ufficio per i Beni Archeologici di$01293538 701 $ade Cazanove$b Olivier$01293539 701 $ade La Genière$b Juliette$01293540 701 $aD?Angelo$b Francesco$0397712 701 $aExcoffon$b Pierre$0477542 701 $aFracchia$b Helena$0443358 701 $aGallo$b Anna Maria$0267820 701 $aGras$b Michel$0152295 701 $aGreco$b Emanuele$034154 701 $aGualtieri$b Maurizio$0443357 701 $aJolivet$b Vincent$0216405 701 $aJoncheray$b Claire$01293541 701 $aLeguilloux$b Martine$0477486 701 $aLivadie$b Claude Albore$0254576 701 $aMarazzi$b Federico$0266212 701 $aMastrocinque$b Attilio$0172446 701 $aMonteix$b Nicolas$0597006 701 $aMorel$b Jean-Paul$0459405 701 $aMunzi$b Priscilla$01277047 701 $aOllivier$b David$01293542 701 $aPasqualini$b Michel$0328748 701 $aPierobon$b Marina$01293543 701 $aPompei$b Soprintendenza speciale per i Beni Archeologici di Napoli e$01293544 701 $aPouzadoux$b Claude$0617976 701 $aPrieto$b Isabelle$01293545 701 $aRidgway$b David$0185193 701 $aRougetet$b Jacques$0748248 701 $aRoure$b Réjane$01293546 701 $aSalle$b Valérie$01293547 701 $aSantoriello$b Priscilla Munzi$01293548 701 $aTréziny$b Henri$0421889 701 $aVallet$b Laura$01293549 701 $aBrun$b Jean-Pierre$0328739 801 0$bFR-FrMaCLE 906 $aBOOK 912 $a9910341158303321 996 $aArtisanats antiques d?Italie et de Gaule$93022643 997 $aUNINA LEADER 04769nam 2200637 450 001 9910780628803321 005 20221206132601.0 010 $a1-4698-7496-2 035 $a(CKB)2430000000022440 035 $a(EBL)3418286 035 $a(SSID)ssj0000353673 035 $a(PQKBManifestationID)11249759 035 $a(PQKBTitleCode)TC0000353673 035 $a(PQKBWorkID)10302334 035 $a(PQKB)11768277 035 $a(MiAaPQ)EBC2032474 035 $a(Au-PeEL)EBL2032474 035 $a(CaPaEBR)ebr10825362 035 $a(OCoLC)908075971 035 $a(EXLCZ)992430000000022440 100 $a20050809h20062006 uy| 0 101 0 $aeng 135 $aurcnu|||||||| 181 $ctxt 182 $cc 183 $acr 200 00$aUltrasonography of the eye and orbit /$fD. Jackson Coleman [and others] 205 $aSecond edition. 210 1$aPhiladelphia :$cLippincott Williams & Wilkins,$d[2006] 210 4$d©2006 215 $a1 online resource (200 p.) 300 $aDescription based upon print version of record. 311 $a0-7817-4650-7 320 $aIncludes bibliographical references and index. 327 $a""Ultrasonography of the Eye and Orbit""; ""PREFACE""; ""CONTENTS""; ""1 Physics of Ultrasound""; ""GENERATION AND DETECTION OF ULTRASOUND""; ""PROPAGATION OF ULTRASOUND""; ""REFLECTION AND SCATTERING OF ULTRASOUND""; ""ATTENUATION OF ULTRASOUND""; ""REFRACTION OF ULTRASOUND""; ""AXIAL RESOLUTION""; ""LATERAL RESOLUTION""; ""COMPOSITE RESOLUTION""; ""BIOLOGIC EFFECTS OF HIGH-INTENSITY ULTRASOUND""; ""FDA EXPOSURE INDICES""; ""MEASUREMENT OF ULTRASONIC BEAM PARAMETERS""; ""2 Ultrasonic Systems""; ""SYSTEM COMPONENTS""; ""PROBE""; ""SERVO""; ""PULSER""; ""RECEIVER"" 327 $a""SCAN CONVERTER AND DISPLAY""""BANDWIDTH""; ""A-MODE SYSTEMS""; ""B-MODE SYSTEMS""; ""B-MODE IMAGE GENERATION""; ""SCAN PATTERNS""; ""B-MODE IMAGE QUALITY""; ""REAL-TIME IMAGING""; ""B-MODE ARTIFACTS""; ""DIGITAL IMAGE PROCESSING""; ""THREE-DIMENSIONAL IMAGING""; ""VERY HIGH FREQUENCY ULTRASOUND/ULTRASOUND BIOMICROSCOPY""; ""M-MODE""; ""SWEPT-MODE""; ""LINEAR ARRAY SYSTEMS""; ""OTHER SCAN MODES""; ""DOPPLER MODES""; ""TISSUE HARMONIC IMAGING""; ""SPECTRAL PARAMETER IMAGING""; ""3 Ocular Diagnosis""; ""HISTORICAL BACKGROUND""; ""OCULAR DIAGNOSTIC TECHNIQUES""; ""Synopsis"" 327 $a""DIAGNOSTIC PARAMETERS""""TYPES OF DIAGNOSTIC INFORMATION""; ""Synopsis""; ""INDICATIONS FOR OCULAR ULTRASOUND""; ""THE NORMAL EYE""; ""A-SCAN ULTRASONOGRAPHY""; ""B-SCAN ULTRASONOGRAPHY""; ""ARTIFACTS ENCOUNTERED IN OCULAR ULTRASONOGRAPHY""; ""ELECTRONIC ARTIFACTS""; ""REDUPLICATION ECHOES""; ""REFRACTION ARTIFACTS""; ""ABSORPTION EFFECTS (SHADOWING)""; ""ABNORMALITIES OF OCULAR SIZE AND SHAPE""; ""ANAMORPHIC DISPLAY""; ""VERY HIGH FREQUENCY ULTRASOUND AND ULTRASOUND BIOMICROSCOPY""; ""ANTERIOR SEGMENT ABNORMALITIES""; ""Synopsis""; ""CORNEA""; ""ANTERIOR SEGMENT ULTRASOUND"" 327 $a""ANTERIOR CHAMBER DEPTH""""POSTERIOR SEGMENT ULTRASOUND""; ""Synopsis""; ""EXTENT AND DENSITY OF VITREOUS HEMORRHAGE""; ""LOCATION AND SOURCE OF VITREOUS HEMORRHAGE""; ""VITREOUS VEILS (MEMBRANES)""; ""PROLIFERATIVE DIABETIC RETINOPATHY WITH VITREOUS HEMORRHAGE""; ""MISCELLANEOUS VITREOUS ABNORMALITIES""; ""ULTRASONOGRAPHY AND VITREOUS SURGERY""; ""RETINAL ABNORMALITIES""; ""POSTOPERATIVE SITUATIONS""; ""POSTOPERATIVE EVALUATION OF THE VITREOUS SUBSTITUTE""; ""UVEAL TRACT ULTRASOUND AND TUMORS""; ""OCULAR TUMORS""; ""OCULAR TRAUMA""; ""Synopsis""; ""NEWER IMAGING MODES""; ""Synopsis"" 327 $a""4 Very High Frequency Digital Ultrasound Scanning in LASIK and Phakic Intraocular Lenses""""ARTEMIS TECHNOLOGY""; ""CLINICAL USE""; ""PREOPERATIVE ASSESSMENT""; ""POSTOPERATIVE ASSESSMENT: TRUE DIAGNOSIS AFTER LASIK AND OPTIMAL TREATMENT PLANNING WITH ARTEMIS TECHNOLOGY""; ""A NOTE ON PHAKIC INTRAOCULAR LENS SURGERY""; ""CONCLUSION""; ""5 Orbital Diagnosis""; ""TECHNIQUES""; ""DIAGNOSTIC PARAMETERS""; ""TYPES OF DIAGNOSTIC INFORMATION""; ""INDICATIONS FOR ORBITAL ULTRASOUND""; ""B-SCAN""; ""HORIZONTAL SCAN PLANE THROUGH THE OPTIC NERVE"" 327 $a""HORIZONTAL SCAN PLANE ABOVE OR BELOW THE OPTIC NERVE"" 606 $aUltrasonics in ophthalmology 606 $aEye$xUltrasonic imaging 606 $aEye-sockets$xUltrasonic imaging 615 0$aUltrasonics in ophthalmology. 615 0$aEye$xUltrasonic imaging. 615 0$aEye-sockets$xUltrasonic imaging. 676 $a617.7/1543 701 $aColeman$b D. Jackson$f1934-$01568334 701 $aColeman$b D. Jackson$f1934-$01568334 801 0$bMiAaPQ 801 1$bMiAaPQ 801 2$bMiAaPQ 906 $aBOOK 912 $a9910780628803321 996 $aUltrasonography of the eye and orbit$93840470 997 $aUNINA